|
|
|
|
| LEADER |
00818cam a2200229 7i4500 |
| 001 |
0000010972 |
| 005 |
20190731090000.0 |
| 005 |
##20190731091800.0 |
| 003 |
##MY-KlINT |
| 020 |
# |
# |
|a 9831950208
|
| 039 |
# |
9 |
|a 201907310918
|b AUTHORITY
|y 201511041125
|z VLOAD
|
| 090 |
0 |
0 |
|a 327.209595
|b TUN
|
| 100 |
1 |
# |
|a Tung, Adib Vincent Abdullah
|
| 245 |
0 |
0 |
|a Susila protokol diraja, diplomatik dan formal /
|c Adib Vincent Tung Bin Abdullah.
|
| 260 |
# |
# |
|a Shah Alam:
|b Karisma Pub,
|c 2003.
|
| 300 |
# |
# |
|a [vii], 172p:
|b ill. (some col.);
|c 29cm.
|
| 650 |
# |
0 |
|a Government etiquette --
|z Malaysia
|
| 650 |
# |
0 |
|a Diplomatic etiquette --
|z Malaysia
|
| 650 |
# |
0 |
|a Kings and rulers --
|x Malaysia
|
| 650 |
# |
0 |
|a Precedence --
|z Malaysia
|
| 650 |
# |
0 |
|a Titles of honor and nobility --
|x Malaysia
|
| 999 |
|
|
|a 0000059650
|b BOOK
|c Main Non-Fiction
|e INTAN BK
|